| 000 | 00919nam a22002537a 4500 | ||
|---|---|---|---|
| 003 | OSt | ||
| 005 | 20140826213002.0 | ||
| 008 | 130909b xxu||||| |||| 00| 0 eng d | ||
| 020 | _a978-958-699-128-5 | ||
| 040 |
_aBMC _cBMC |
||
| 082 | _a001.42 | ||
| 082 | _a300.0014 | ||
| 082 | _a300.1 | ||
| 100 | 1 | 0 |
_93283 _aBernal Torres, César Augusto |
| 245 | 1 | 0 |
_aMetodología de la investigación _b: administración, economía, humanidades y ciencias sociales _cCésar Augusto Bernal Torres ; revisión técnica, Luis Eduardo Cruz Buelvas ... [et al.] |
| 250 | _a3ª ed | ||
| 260 |
_aBogotá [etc.] _bPearson Educación _c2010 |
||
| 300 |
_aXIV, 305 p. _bil., gráf. _c23 cm _e+ 1 disco compacto |
||
| 650 | 2 | 4 |
_9168 _aInvestigación _xMetodología |
| 650 | 2 | 4 |
_94837 _aCiencias sociales _xInvestigación |
| 650 | 2 | 4 |
_93374 _aCiencias sociales _xMetodología |
| 700 | 1 |
_94850 _aCruz Buelvas, Luis Eduardo |
|
| 942 |
_2ddc _cBK |
||
| 999 |
_c1973 _d1973 |
||